00746nam a22001817a 450000500170000000800410001702000220005808200200008010000360010024500890013626000670022530000110029250000280030365000240033194200070035599900170036295201850037920260423112035.0260423b xxu||||| |||| 00| 0 eng d a978-1-25-900512-1 a658.4012bKOO-E aKoontz, Harold aHeinz Weihrich aEssentials Of Management: bAn International, Innovation, And Leadership Perspective aNew Delhi:bTata McGraw Hill Education Private Limited, c2012 a536 p. aIncludes Subject Index. aManagement Sciences cBK c47381d47381 00w2026-04-231040708Management Science aAUKCbAUKCcManagement Scienced2026-04-09eAli Book Servicesg2950.00iKA/10221l0o658.4012 KOO-EpAUKHP0607r2026-04-23 11:21:45yBK